[Event "MEX-ch U26"]
[Site "Merida"]
[Date "2019.05.13"]
[Round "2"]
[White "Molina Mendoza, Omar"]
[Black "Herrera, Aguilar Rene Alexi"]
[Result "1/2-1/2"]
[WhiteElo "2174"]
[BlackElo "2007"]
[PlyCount "93"]
[EventDate "2019.05.12"]
[EventType "swiss"]
[EventRounds "6"]
[EventCountry "MEX"]
[SourceTitle "EXT 2020"]
[Source "ChessBase"]
[SourceDate "2019.10.17"]
[SourceVersion "1"]
[SourceVersionDate "2019.10.17"]
[SourceQuality "1"]

1. Nf3 c5 2. b3 Nf6 3. Bb2 e6 4. c4 Be7 5. e3 0-0 6. Nc3 d5 7. cxd5 Nxd5 8. Qc2 Nc6 9. h4 Ncb4 10. Qb1 Bf6 11. a3 Nxc3 12. dxc3 Nd5 13. Qc2 Qa5 14. Rc1 e5 15. Ng5 g6 16. Bd3 Ne7 17. Ne4 Bg7 18. b4 cxb4 19. cxb4 Qd8 20. h5 Bf5 21. Nc5 Bxd3 22. Qxd3 Qxd3 23. Nxd3 Rfc8 24. 0-0 f6 25. hxg6 hxg6 26. Nc5 b6 27. Ne6 Kf7 28. Nc7 Rab8 29. Nb5 Rxc1 30. Rxc1 a6 31. Nc7 a5 32. Nb5 axb4 33. axb4 Rd8 34. e4 Bh6 35. Ra1 Nc6 36. Bc3 Bd2 37. Ra6 Bxc3 38. Nxc3 Nxb4 39. Rxb6 Rd4 40. Na4 Rd1+ 41. Kh2 Nd3 42. Rb7+ Kg8 43. Nc3 Rf1 44. f3 Nf2 45. Nd5 Rd1 46. Rd7 Kf8 47. Kg3 1/2-1/2

[Event "Pan American-ch U20"]
[Site "Guayaquil"]
[Date "2018.06.24"]
[Round "9"]
[White "Molina Mendoza, Omar"]
[Black "Reinoso Salas, Daniel Alejandro"]
[Result "0-1"]
[WhiteElo "2214"]
[BlackElo "2067"]
[PlyCount "78"]
[EventDate "2018.06.19"]
[EventType "swiss"]
[EventRounds "9"]
[EventCountry "ECU"]
[SourceTitle "EXT 2019"]
[Source "ChessBase"]
[SourceDate "2018.10.10"]
[SourceVersion "1"]
[SourceVersionDate "2018.10.10"]
[SourceQuality "1"]

1. Nf3 d5 2. g3 c6 3. Bg2 Bg4 4. b3 Nd7 5. Bb2 e6 6. 0-0 Ngf6 7. c4 Bd6 8. d3 0-0 9. Nbd2 a5 10. a3 Re8 11. Qc2 e5 12. e4 dxe4 13. dxe4 Qb6 14. Rfc1 Bc5 15. Nf1 Rad8 16. Ne1 Nf8 17. Nd3 Ne6 18. Nxc5 Qxc5 19. b4 axb4 20. axb4 Qxb4 21. Bxe5 Nd4 22. Bxd4 Rxd4 23. Ne3 Qc5 24. h3 Be6 25. Qb3 Nxe4 26. Bxe4 Rxe4 27. Kg2 Bc8 28. Qd3 h5 29. Rd1 h4 30. Qd6 Qxd6 31. Rxd6 hxg3 32. Kxg3 f5 33. Ng2 Be6 34. Rb1 Re7 35. c5 g5 36. Rd8+ Kg7 37. Rb6 f4+ 38. Kh2 Rc4 39. Rb8 Rxc5 0-1

[Event "Pan American-ch U20"]
[Site "Guayaquil"]
[Date "2018.06.23"]
[Round "7"]
[White "Esmeraldas Huachi, Anderson Yahir"]
[Black "Molina Mendoza, Omar"]
[Result "1-0"]
[WhiteElo "1865"]
[BlackElo "2214"]
[PlyCount "108"]
[EventDate "2018.06.19"]
[EventType "swiss"]
[EventRounds "9"]
[EventCountry "ECU"]
[SourceTitle "EXT 2019"]
[Source "ChessBase"]
[SourceDate "2018.10.10"]
[SourceVersion "1"]
[SourceVersionDate "2018.10.10"]
[SourceQuality "1"]

1. d4 Nf6 2. c4 g6 3. Nc3 Bg7 4. e4 d6 5. Nf3 0-0 6. Be2 e5 7. 0-0 Nc6 8. d5 Ne7 9. b4 Nd7 10. Qc2 a5 11. Ba3 axb4 12. Bxb4 h6 13. Nb5 b6 14. a4 Nc5 15. a5 f5 16. axb6 Rxa1 17. Rxa1 cxb6 18. Nd2 g5 19. Bxc5 bxc5 20. Ra8 Qb6 21. Qa2 Ng6 22. Qa5 Qxa5 23. Rxa5 Rd8 24. Ra8 Nf4 25. Bf1 Bf6 26. Nxd6 Bd7 27. Rxd8+ Bxd8 28. g3 Nh5 29. Nxf5 Bxf5 30. exf5 Nf6 31. Nb3 Bb6 32. f3 Kf7 33. Kf2 Ke7 34. Ke3 Nxd5+ 35. cxd5 c4+ 36. Ke4 cxb3 37. Kxe5 b2 38. d6+ Ke8 39. Bd3 Bg1 40. Ke6 Bxh2 41. f6 Bg1 42. g4 Bd4 43. Bb1 Bc3 44. Ba2 Bb4 45. d7+ Kd8 46. f7 Bf8 47. Kf6 Kxd7 48. Kg6 Ke7 49. Bb1 Ke6 50. Bc2 Ke7 51. Bf5 Kd6 52. Kh7 h5 53. gxh5 Ke5 54. Kg6 Kf4 1-0

[Event "Pan American-ch U20"]
[Site "Guayaquil"]
[Date "2018.06.22"]
[Round "6"]
[White "Molina Mendoza, Omar"]
[Black "Cofre Archibold, Nestor"]
[Result "1/2-1/2"]
[WhiteElo "2214"]
[BlackElo "2364"]
[PlyCount "83"]
[EventDate "2018.06.19"]
[EventType "swiss"]
[EventRounds "9"]
[EventCountry "ECU"]
[SourceTitle "EXT 2019"]
[Source "ChessBase"]
[SourceDate "2018.10.10"]
[SourceVersion "1"]
[SourceVersionDate "2018.10.10"]
[SourceQuality "1"]

1. d4 Nf6 2. c4 g6 3. g3 Bg7 4. Bg2 0-0 5. Nc3 c5 6. d5 d6 7. Nf3 Na6 8. 0-0 Nc7 9. a4 Rb8 10. Qc2 a6 11. a5 e6 12. e4 exd5 13. cxd5 Re8 14. Nd2 Nb5 15. Nc4 Ng4 16. Bf4 Nd4 17. Qd3 Ne5 18. Bxe5 Bxe5 19. Nxe5 Rxe5 20. f4 Re8 21. Ne2 Nxe2+ 22. Qxe2 f6 23. Qd2 b5 24. b4 cxb4 25. Qxb4 f5 26. e5 dxe5 27. fxe5 Rxe5 28. Rae1 Rxe1 29. Rxe1 Kf7 30. d6 Be6 31. Bd5 Bxd5 32. Re7+ Qxe7 33. dxe7 Re8 34. Qd6 Bb7 35. Qb6 Rxe7 36. Qd6 h6 37. Kf2 h5 38. h4 Re6 39. Qd7+ Re7 40. Qd6 Re4 41. Qd7+ Re7 42. Qd6 1/2-1/2

[Event "Pan American-ch U20"]
[Site "Guayaquil"]
[Date "2018.06.21"]
[Round "4"]
[White "Delgado Romero, Marco"]
[Black "Molina Mendoza, Omar"]
[Result "0-1"]
[WhiteElo "2209"]
[BlackElo "2214"]
[PlyCount "86"]
[EventDate "2018.06.19"]
[EventType "swiss"]
[EventRounds "9"]
[EventCountry "ECU"]
[SourceTitle "EXT 2019"]
[Source "ChessBase"]
[SourceDate "2018.10.10"]
[SourceVersion "1"]
[SourceVersionDate "2018.10.10"]
[SourceQuality "1"]

1. e4 e6 2. d4 d5 3. Nd2 c5 4. exd5 Qxd5 5. Ngf3 cxd4 6. Bc4 Qd7 7. 0-0 Nc6 8. Nb3 a6 9. Nbxd4 Nxd4 10. Nxd4 Bd6 11. Re1 Ne7 12. Bg5 Qc7 13. Bxe6 fxe6 14. Nxe6 Bxe6 15. Rxe6 0-0-0 16. Qg4 Kb8 17. Bxe7 Bxe7 18. Qxg7 Bd6 19. Qxc7+ Kxc7 20. g3 Rhe8 21. Rae1 Rxe6 22. Rxe6 Bc5 23. Re2 a5 24. Kg2 a4 25. a3 Rd1 26. f4 Kc6 27. Kf3 Rb1 28. c3 Kd5 29. g4 Kc4 30. g5 Kb3 31. h4 Rxb2 32. f5 Rxe2 33. Kxe2 Kxa3 34. h5 Kb2 35. g6 hxg6 36. hxg6 a3 37. g7 a2 38. g8Q a1Q 39. Qd5 Qa6+ 40. c4 Qc6 41. Kd3 Kb3 42. f6 Qxd5+ 43. cxd5 Bd6 0-1

[Event "Pan American-ch U18"]
[Site "San Jose"]
[Date "2017.07.02"]
[Round "2"]
[White "Molina Mendoza, Omar"]
[Black "Chiku Ratte, Olivier Kenta"]
[Result "1-0"]
[WhiteElo "2159"]
[BlackElo "2344"]
[PlyCount "91"]
[EventDate "2017.07.01"]
[EventType "swiss"]
[EventRounds "9"]
[EventCountry "CRI"]
[SourceTitle "EXT 2022"]
[Source "ChessBase"]
[SourceDate "2021.10.06"]
[SourceVersion "1"]
[SourceVersionDate "2021.10.06"]
[SourceQuality "1"]

1. d4 Nf6 2. c4 c5 3. d5 e6 4. Nf3 exd5 5. cxd5 d6 6. Nc3 g6 7. Bf4 a6 8. a4 Bg7 9. h3 0-0 10. e3 Re8 11. Be2 Ne4 12. Ra3 Qa5 13. Qc1 Nd7 14. 0-0 Ndf6 15. Rd1 Bd7 16. Nxe4 Nxe4 17. Nd2 Qc7 18. a5 Nxd2 19. Qxd2 b5 20. axb6 Qxb6 21. Qa5 Qxb2 22. Ra2 Bc3 23. Rxb2 Bxa5 24. Bxd6 Bb4 25. Bc7 a5 26. d6 a4 27. Bf3 a3 28. Ra2 Ra4 29. Bd5 Kg7 30. e4 f5 31. e5 Raa8 32. e6 Rxe6 33. Bxa8 Re8 34. Bd5 Ba4 35. Rd3 f4 36. Rdxa3 Bxa3 37. Rxa3 Bd7 38. Rc3 Re1+ 39. Kh2 Re2 40. Rxc5 Rxf2 41. Bd8 f3 42. Bxf3 Rd2 43. Rc7 Rxd6 44. Bg4 h5 45. Rxd7+ Rxd7 46. Bxd7 1-0